000 00794nam a2200193Ia 4500
008 151121s9999||||xx |||||||||||||| ||und||
082 _aबा। वि।
082 _bHNW-73767
100 _aसहस्त्रबुध्दे रमेश के।
245 _aविज्ञान सागरातील दिपस्तंभ
260 _b"साहित्य, मुंबई।"
260 _c--
300 _a70
600 _aसहस्त्रबुध्दे रमेश के।
630 _aविज्ञान सागरातील दिपस्तंभ
700 _aसहस्त्रबुध्दे रमेश के।
730 _aविज्ञान सागरातील दिपस्तंभ
942 _cBOOK
999 _c1255223
_d1255220